| 000 | 01642cam a22004574i 4500 | ||
|---|---|---|---|
| 003 | PE-LiUPU | ||
| 005 | 20250731173254.0 | ||
| 008 | 150625s r 000 0 d | ||
| 035 | _a(Sirsi) a35674 | ||
| 040 |
_aPE-LiUPU _bspa _cPE-LiUPU _erda |
||
| 082 | 0 | 4 |
_a261.26 _bS56 _221 |
| 100 | 1 |
_aSimonsohn, Shlomo, _eautor. |
|
| 245 | 1 | 4 |
_aThe apostolic see and the jews documents: 1394-1464 / _cShlomo Simonsohn. |
| 264 | 1 |
_aToronto: _bPontifical Institute for Medieval Studies, _c2000 |
|
| 300 |
_a600 páginas, _c26 centímetros |
||
| 336 |
_atext _2rdacontent |
||
| 337 |
_aunmediated _2rdamedia |
||
| 338 |
_avolume _2rdacarrier |
||
| 526 | _aSEG42 | ||
| 526 | _aSEG41 | ||
| 526 | _aSEG40 | ||
| 526 | _aSEG39 | ||
| 526 | _aP94 | ||
| 526 | _aP87 | ||
| 526 | _aP86 | ||
| 526 | _aP85 | ||
| 526 | _aP77 | ||
| 526 | _aP76 | ||
| 526 | _aP35 | ||
| 610 | 0 | 4 |
_aIglesia Católica _xRelaciones _xJudaísmo _vDocumentos papales. |
| 650 | 1 | 4 |
_aIglesia _xHistoria _yEdad Media, 600-1500 _vFuentes. |
| 650 | 2 | 4 |
_aCivilización Medieval _xInfluencias judías. |
| 650 | 2 | 4 |
_aJudíos _xEstatus legal, leyes, etc. _vDocumentos papales. |
| 650 | 2 | 4 |
_aJudaísmo _xRelaciones _xIglesia católica _vDocumentos papales. |
| 910 | _a | ||
| 942 |
_2ddc _cBOOK |
||
| 949 |
_a261.26 S56 _wDEWEY _c1 _i37960 _lCCODEBUL1 _mBUL _p00.00 _r0 _sY _tBOOK _u2015-06-25 _xBIBLIOTECA _zUNKNOWN _0COMPRA _o.STAFF. Colección General |
||
| 596 | _a1 | ||
| 999 |
_a261.26 S56 _wDEWEY _c43664 _i37960 _f2021-11-10 _g5 _lCCODEBUL1 _mBUL _r0 _sY _tBOOK _u2015-6-25 _xTEOLOGIA _zUNKNOWN _0COMPRA _o.STAFF. Colección General _d43664 |
||
| 980 |
_81 _gALBERTO SANCHEZ Responsable de Automatización |
||